| 000 | 00719nam a2200205Ii 4500 | ||
|---|---|---|---|
| 003 | JO-AjNU | ||
| 008 | 230605s9999||||xx |||||||||||||| ||und|| | ||
| 040 |
_aJO-AjNU _bara _erda _cJO-AjNU |
||
| 041 | _aara | ||
| 050 | 1 | 4 | _aHJ131 .A2 1987 |
| 100 | 3 |
_aبركات، عبد الكريم صادق, _eauthor _914235 |
|
| 245 | 0 | 0 | _aالاقتصاد المالي |
| 264 | 3 | 1 | _aالاسكندرية: الدار الجامعية، 1987 |
| 300 |
_a422ص _bيحتوي على ببلوغرافية من 421-422ص |
||
| 336 |
_atext _btxt _2rdacontent |
||
| 337 |
_aunmediated _bn _2rdamedia |
||
| 338 |
_avolume _bnc _2rdacarrier |
||
| 490 | 0 | _aالمكتبة الاقتصادية | |
| 650 | 4 |
_aالاقتصاد المالي _914236 |
|
| 999 |
_aA3748 _c7316 _d7316 |
||